KOHA-Header-6

Kassak (Record no. 8053)

000 -LEADER
fixed length control field 00252nam a2200109Ia 4500
100 ## - MAIN ENTRY--AUTHOR NAME
Personal name Zeeshan Ul Hassan
245 #0 - TITLE STATEMENT
Title Kassak
260 ## - PUBLICATION, DISTRIBUTION, ETC. (IMPRINT)
Place of publication Lahore
Name of publisher Irfan Publisher
Year of publication 1997
300 ## - PHYSICAL DESCRIPTION
Number of Pages 498
942 ## - ADDED ENTRY ELEMENTS (KOHA)
Koha item type Books
Holdings
Withdrawn status Lost status Collection code Permanent Location Current Location Shelving location Date acquired Full call number Accession Number Koha item type
    Urdu Literature MAJU MAJU   2019-09-13 910.4 2424 Urdu Literature

Powered by Koha